Výzkum: jak zaujmout generaci Y a Z

Éra digitalizácie, ktorá zasiahla i poisťovníctvo a nová generácia zákazníkov Y a Z v poisťovníctve. Súčasné trendy a príležitosti pre poisťovne na poistnom trhu v Poľsku, Česku, Slovensku, Maďarsku a v Chorvátsku.

Guardado en:
Detalles Bibliográficos
Autor principal: Čarný, Michal
Formato: Capítulo de libro
Lenguaje:checo
Materias:
Etiquetas: Agregar Etiqueta
Sin Etiquetas, Sea el primero en etiquetar este registro!

MARC

LEADER 00000naa a2200000 4500
001 0203770
005 20220729111536.7
041 0 |a cze 
044 |a CZ 
245 1 0 |a Výzkum: jak zaujmout generaci Y a Z  |c Michal Čarný 
520 |a Éra digitalizácie, ktorá zasiahla i poisťovníctvo a nová generácia zákazníkov Y a Z v poisťovníctve. Súčasné trendy a príležitosti pre poisťovne na poistnom trhu v Poľsku, Česku, Slovensku, Maďarsku a v Chorvátsku. 
610 2 0 |a poisťovníctvo 
610 2 0 |a poisťovne 
610 2 0 |a poistenie 
610 2 0 |a portfólio 
610 2 0 |a druhy poistenia 
610 2 0 |a poistenci 
610 2 0 |a generácie 
610 2 0 |a trh poistný 
610 2 0 |a digitalizácia 
100 1 |a Čarný, Michal